000 01766nam a22002177a 4500
999 _c59712
_d59712
003 Ge_BSU
005 20230405111558.0
008 230405s1970 ge ||||| |||| 00| 0 geo d
041 _ageo
080 _a902.2(479.22)+903.35(479.22)+725.1:623.1(479.22) ხ-34
100 _a ხახუტაიშვილი, დავით
_917483
245 _aუფლისციხე : ტ. 2 :
_b1963-1969 წ. არქეოლოგიური კვლევა-ძიების შედეგები /
_cდ. ხახუტაიშვილი; რედ. შ. ამირანაშვილი; საქართველოს სსრ მეცნიერებათა აკადემია, ივანე ჯავახიშვილის სახელობის ისტორიის, არქეოლოგიის და ეთნოგრაფიის ინსტიტუტი.
264 _aთბილისი :
_bმეცნიერება,
_c1970.
300 _a210 გვ. :
_bტაბულები;
_c26 სმ.
653 _aსაქართველოს არქეოლოგია
653 _aსაქართველოს არქეოლოგიური ძეგლები
653 _aუფლისციხე
700 _aამირანაშვილი, შ
_eრედაქტორი
_94052
710 _a საქართველოს სსრ მეცნიერებათა აკადემია
_bივანე ჯავახიშვილის სახელობის ისტორიის, არქეოლოგიისა და ეთნოგრაფიის ინსტიტუტი
_917484
942 _2udc
_cBK